000
00336nam a22001457a 4500
008
180813b xxu||||| |||| 00| 0 eng d
020
_a
0723670323
041
_a
eng
080
_a
616.120
082
_a
616.120 KOT
100
_a
7
101
_a
KAR
245
_a
High blood pressure in the young
_c
Kotchen.TH.A
942
_2
udc
_c
BK
999
_c
47029
_d
47029